| 000 | 00515nam a2200169 i 4500 | ||
|---|---|---|---|
| 001 | 180271 | ||
| 003 | ES-MaACL | ||
| 005 | 20230906221039.0 | ||
| 008 | 120522q20002012sp |||| | spa d | ||
| 080 | _a821.134.2-14"21" | ||
| 245 | 0 | 3 |
_aLa calle está llena de versos / _c[Angel Martín... et al. ; introducción Valentín Nueda]. |
| 260 |
_a[S.l. : _bs.n., _c20-?] |
||
| 300 |
_a[18] p. ; _c26 cm. |
||
| 700 | 1 |
_aNueda, Valentín. _9150078 |
|
| 700 | 1 |
_aMartín, Angel. _9150079 |
|
| 852 |
_aES-MaACL _j2313-F-16 |
||
| 999 |
_c180271 _d180271 |
||